| 000 | 00403nam a2200181Ia 4500 | ||
|---|---|---|---|
| 003 | 0100 | ||
| 008 | 130303s9999 xx 000 0 und d | ||
| 040 | _cARRUPELIB | ||
| 050 | _aHQ767.9.P39 1990 | ||
| 100 | _aPaplia, Diane E | ||
| 245 | 2 | _aA child's world | |
| 245 | _bInfancy through adolescence | ||
| 260 | _aNY | ||
| 260 | _bMcGraw-Hill Co. | ||
| 260 | _C1990 | ||
| 300 | _a597p | ||
| 942 | 0 | 0 | _03 |
| 999 |
_c20561 _d20561 |
||